Kamus Dewan : Edisi ke tiga.
| Format: | Book |
|---|---|
| Published: |
Kuala Lumpur:
Dewan Bahasa dan Pustaka,
1994.
|
| Subjects: |
| LEADER | 00426cam a2200145 7i4500 | ||
|---|---|---|---|
| 001 | 0000003393 | ||
| 005 | 19991025090000.0 | ||
| 002 | ##000004760 | ||
| 020 | 0 | 0 | |a 983-62-4456-5 |
| 090 | 0 | 0 | |a M 499.233 |b KAM |
| 245 | 1 | 0 | |a Kamus Dewan : |b Edisi ke tiga. |
| 260 | 0 | 0 | |a Kuala Lumpur: |b Dewan Bahasa dan Pustaka, |c 1994. |
| 300 | 0 | 0 | |a 1566 p.. |
| 650 | 0 | 0 | |a Malay language -- |x Dictionaries |
| 999 | |a 0000005667 |b Book |c Reference |e Business Information Centre | ||


